| 000 | 00400nam a2200157Ia 4500 | ||
|---|---|---|---|
| 008 | 230524s9999 xx 000 0 und d | ||
| 082 |
_a174.4 _bBEE |
||
| 100 | _aLeland L.Beck | ||
| 245 | 0 | _aSystem Software: An Introduction to System Programming | |
| 250 | _a3RD | ||
| 260 |
_aNEW DELHI _bPearson _c2009 |
||
| 300 | _aXV;485 | ||
| 500 | _aQuantity Number: 40 | ||
| 650 | _aComp-Sc | ||
| 942 | _cBK | ||
| 999 |
_c45209 _d45209 |
||